| 000 | 00529nam a2200181 a 4500 | ||
|---|---|---|---|
| 001 | 4031 | ||
| 005 | 20140414131948.0 | ||
| 008 | 081119s19uu xx 00 eng d | ||
| 020 | _a1-74025-749-9 | ||
| 050 |
_aTR 170 _bF74 2002 |
||
| 100 | _aForte, Imogene | ||
| 245 |
_aValues: The Me I'm learning to be / _cImogene Forte. |
||
| 250 | _aRevised Edition | ||
| 260 |
_aVictoria, Australia : _bHawker Brownlow Education, _c2002. |
||
| 300 | _a79 p. ; ill. | ||
| 650 |
_aValues activities _xJuvenile literature |
||
| 999 |
_c112725 _d112725 |
||